000 01321nam0a22003011 4500
001 RU\NLR\19V\934371
005 20260405192115.0
035 _a(NLR Aleph) 005290767
090 _a6187725
_c6187725
100 _a20130415d1907 |||y0rusy50 ca
101 0 _arus
102 _aRU
105 _ay z ||||c
200 1 _aК родословию потомства Аслана-Мурзы-Челебея
_fВ.С. Арсеньев
210 _aМосква
_cб.и.
_d[1907]
215 _a3 с.
_d27
309 _aБез тит. л. и обл.
311 _aОттиск из Летописи Историко-родословного общества в Москве, 1907, вып. 1
488 0 _12001#$aЛетопись Историко-родословного общества в Москве$v1907, вып. 1
_tЛетопись Историко-родословного общества в Москве
700 1 _8rus
_7ca
_aАрсеньев
_bВ. С.
_f1883-1948
_gВасилий Сергеевич
_3RU\NLR\AUTH\7784043
_966971
722 _aАслан-Мурза-Челебей
_4570
801 0 _aRU
_bNLR
_c20130415
_gpsbo
801 1 _aRU
_bNLR
_c20130415
_2rusmarc
801 2 _aRU
_bNLR
_c20130415
_2rusmarc
852 _aNLR
_j34.84.6.1771
942 _cBOOK
980 _aNB
980 _aGENEAL01